[Event "Montreal Specialiste op"]
[Site "Montreal"]
[Date "1982.01.30"]
[Round "3"]
[White "Balla, George"]
[Black "Rousseau, Daniel"]
[Result "1-0"]
[WhiteElo "1988"]
[BlackElo "1803"]
[PlyCount "49"]
[EventDate "1982.01.29"]
[EventType "swiss"]
[EventRounds "5"]
[EventCountry "CAN"]
[SourceTitle "EXT 2022"]
[Source "ChessBase"]
[SourceDate "2021.10.06"]
[SourceVersion "1"]
[SourceVersionDate "2021.10.06"]
[SourceQuality "1"]

1. e4 c5 2. Nf3 Nc6 3. d4 cxd4 4. Nxd4 Nf6 5. Nc3 d6 6. Be2 e5 7. Nb3 Be7 8. 0-0 0-0 9. Kh1 a5 10. a4 Be6 11. f4 Qb6 12. f5 Bxb3 13. cxb3 Nb4 14. Rf3 d5 15. exd5 Rfd8 16. Bc4 Qd6 17. Bg5 Nfxd5 18. Bxe7 Nxe7 19. Qe2 Nec6 20. Rh3 g6 21. fxg6 hxg6 22. Rf1 Rd7 23. Ne4 Nd4 24. Qg4 Qe7 25. Qxg6+ 1-0